000 00613nam a2200229Ia 4500
003 OSt
005 20221007081938.0
006 a|||||r|||| 00| 0
007 ta
008 221006b |||||||| |||| 00| 0 eng d
024 _a26,555
037 _cTextual
040 _aFLL
_cFLL
_beng
041 _2eng
_aeng
082 _aZ73:255y7, K7
100 _aTrelease Frank J.
_995834
245 0 _aWater law
260 _aSt. Paul ,
_bMinn. West Publishing Co. St. Minn.
_c1967
300 _axvi,1-364p
_ccm.
942 _hZ73:255y7, K7
_cTEXL
_2CC
999 _c1164813
_d1164813